Culture Générale - Clic Quiz - La réponse est un poisson - Statistiques

Statistiques générales
  • Ce quiz a été pris 143 fois
  • Le résultat moyen est 20 sur 40
Statistiques - réponses
Hint Réponse % Correct
Compléte l'expression latine qui signifie cueille le jour présent sans te soucier du lendemain : _________ diem Carpe
93%
Elle est dite Chinoise pour une silhouette animée que crée sa projection sur un écran Ombre
91%
Compléte le nom du jeu où l'un des joueurs, les yeux bandés, doit chercher les autres à tâtons, en saisir un et le reconnaître : ________-maillard Colin
90%
Chanson humoristique de Patrick Sébastien datant de 2006 : Les __________s Sardine
90%
Compléte l'expression signifiant qu'il y a dans cette affaire quelque chose que l'on cherche à dissimuler : on dit il y a " ________ sous roche" Anguille
89%
En droit, l'abandon d'une action judiciaire en cours de procédure est un non-________ Lieu
86%
Couleur de la gamme des roses qui ressemble à celle de la chair de ce poisson Saumon
83%
Compléte les paroles de la chanson paillarde : "Ils ont des chapeaux ronds, ___________ la Bretagne!" Vive
82%
Egalement appelé maquereau espagnol, désigne aussi familièrement une table d'opération dans un hôpital Billard
81%
Compléte le nom de l'écrivain français, célèbre en tant qu'auteur de La Marseillaise : __________ de Lisle Rouget
79%
Unité de pression proche de la pression atmosphérique normale Bar
75%
Partie du cerveau jouant un rôle essentiel dans la mémoire Hippocampe
75%
Elément de coiffure formé par l'orientation opposée, naturelle ou artificielle, de cheveux situés de part et d'autre d'une ligne le long de la tête Raie
72%
Série de dessins humoristiques de presse et de bandes dessinées créée par Philippe Geluck : .. __________ Chat
70%
Au carnaval de Dunkerque, il est jeté fumé depuis l'Hotel de Ville sur la foule Hareng
69%
En Vedette dans le film "Sous la Seine" de Xavier Gens de 2024 Requin
69%
Ville de 563 000 habitants en 2021 du Nord-Ouest de l'Allemagne Breme
62%
Bois de chauffage, scié aux longueurs d'usage, dont le diamètre est généralement compris entre 7 et 12 cm Rondin
59%
Compléte un slogan des années 80 qui invitait les consommateurs français à en manger plus :"Le _______, c'est bon, et le _______ blanc, c'est excellent ! Thon
58%
Surnom donné à un joueur ou supporter du club de football du FC Lorient Merlu
53%
Super-héros de Marvel Comics qui est le héros de plusieurs oeuvres dont une trilogie au cinéma entre 1998 et 2004 (________, __2 et __ :Trinity) Blade
52%
Compléte le nom du Film réalisé par Alexandre Aja sorti en 2010 : __________ 3D Piranha
48%
Région naturelle française, territoire de transition entre le Massif armoricain et le Bassin parisien Perche
47%
En Formule 1, et plus généralement dans le monde automobile, désigne une voiture de remplacement Mulet
41%
Prénom de la coureuse cycliste belge Kopecky, championne du monde sur route 2023 Lotte
38%
Véhicule tout-terrain produit par le constructeur automobile anglais Ineos (Ineos __________) Grenadier
35%
Cocktail alcoolisé composé de rhum ambré, de liqueur Galliano et de Prosecco Barracuda
34%
En agriculture, pièce de terre soumise à l'assolement Sole
33%
Epée maniée à deux mains, développée en Europe centrale et de l'Ouest. Elle est demeurée en usage du XVe siècle au XVIIe siècle Espadon
31%
Système de fixation servant de tenon ou cheville pour assembler deux éléments en menuiserie, marbrerie, appareil de mur ou de fortification Goujon
26%
Dans la littérature et les jeux de fantasy, est une créature imaginaire, un sorcier mort qui se maintient dans un état mort-vivant grâce à ses pouvoirs magiques Liche
24%
Equidé hybride, obtenu par croisement d'une ânesse et d'un étalon Bardot
23%
Commune de la province d'Alicante, dans la Communauté valencienne, en Espagne (21 473 habitants en 2023) Aspe
21%
Groupe de rock français "Les __________s", originaire du Lot-et-Garonne, actif de 1980 à 1994 (plusieurs albums dont Anticonstitutionnellement en 1993, succès d'estime dans la presse) Ablette
18%
Sculpture sur bois la représentant, suspendue dans la salle de la Chambre des représentants du Massachusetts, dans le Capitole de l'État, à Boston : "la __________ sacrée du Massachusetts" Morue
13%
Compléte le nom de la plus haute montagne au Nunavut et le plus haut sommet canadien à l'est des montagnes Rocheuses : Mont _________ Barbeau
10%
Constellation de l'hémisphère sud. Seules ses étoiles les plus au nord peuvent être aperçues au-dessus de 20° de latitude nord et elle s'étend quasiment jusqu'au pôle sud céleste Dorade
10%
Type d'armoire gasconne des XVIe et XVIIe siècles Limande
5%
Instrument de musique hongrois à cordes pincées et frappées. On le retrouve parfois dans les folklores serbe, roumain et moldave. Gardon
4%
Chalutier français utilisé pour diverses activités entre 1918 et son naufrage en 1940 à la sortie de la rade de Lorient (117 corps de victimes seront repêchés) : .. __________ Tanche
3%
Aucun quiz correspondant
Distribution des résultats
% des personnes avec chaque résultat
Percentile par nombre de réponses
Votre historique - résultats
Vous n’avez pas pris ce quiz